[Event "Quebec-ch U10"]
[Site "Montreal CAN"]
[Date "2017.03.04"]
[Round "3"]
[White "Lim, Nicolas1"]
[Black "Omichi, Kevin"]
[Result "1-0"]
[WhiteElo "957"]
[BlackElo "1128"]
[WhiteFideId "-1"]
[WhiteFideId "-1"]
[PlyCount "115"]
[GameId "2160767908478268"]
[EventDate "2017.03.04"]
[EventType "swiss"]
[EventRounds "5"]
[EventCountry "CAN"]
[SourceTitle "EXT 2022"]
[Source "ChessBase"]
[SourceDate "2021.10.06"]
[SourceVersion "1"]
[SourceVersionDate "2021.10.06"]
[SourceQuality "1"]

1. Nf3 d5 2. c4 e6 3. d4 Nf6 4. Bg5 Nbd7 5. Nc3 Bb4 6. Qc2 a6 7. Ne5 h6 8. Bh4 O-O 9. a3 Ba5 10. b4 Bb6 11. c5 Ba7 12. e3 b6 13. cxb6 cxb6 14. Nc6 Qc7 15. Ne7+ Kh8 16. Nxc8 Raxc8 17. Bxa6 Qxc3+ 18. Qxc3 Rxc3 19. O-O Nb8 20. Bb5 g5 21. Bg3 Kg7 22. Be5 Kg6 23. Rfd1 Nfd7 24. Bxb8 Nxb8 25. a4 Rd8 26. a5 Nd7 27. a6 f5 28. Be2 Rb8 29. Rdc1 Rbc8 30. Re1 Nb8 31. g4 Nc6 32. gxf5+ exf5 33. b5 Nb4 34. Rab1 Na2 35. Bf3 Rd8 36. Ra1 Nb4 37. Rac1 Rxc1 38. Rxc1 Kf6 39. Rc7 Ra8 40. Kf1 Bb8 41. Rb7 Kg6 42. Rxb6+ Kg7 43. Rb7+ Kf8 44. Be2 Bxh2 45. Rh7 Bb8 46. Rxh6 Kg7 47. Re6 Na2 48. b6 Nb4 49. b7 Ra7 50. Re8 Bc7 51. Re7+ Kf6 52. Rxc7 Nxa6 53. Bxa6 Rxa6 54. b8=Q Re6 55. Qf8+ Kg6 56. Rg7+ Kh5 57. Qxf5 Kh6 58. Qxg5# 1-0

[Event "Quebec-ch U10"]
[Site "Montreal CAN"]
[Date "2017.03.04"]
[Round "3"]
[White "Liu, Kevin1"]
[Black "Jain, Ankita"]
[Result "1-0"]
[WhiteElo "1397"]
[BlackElo "1212"]
[WhiteFideId "-1"]
[WhiteFideId "-1"]
[PlyCount "83"]
[GameId "2160767908478269"]
[EventDate "2017.03.04"]
[EventType "swiss"]
[EventRounds "5"]
[EventCountry "CAN"]
[SourceTitle "EXT 2022"]
[Source "ChessBase"]
[SourceDate "2021.10.06"]
[SourceVersion "1"]
[SourceVersionDate "2021.10.06"]
[SourceQuality "1"]

1. e4 e5 2. Nf3 Nc6 3. Nc3 Nf6 4. d4 exd4 5. Nxd4 Nxd4 6. Qxd4 Be7 7. e5 Ng8 8. Be2 f6 9. Bf4 fxe5 10. Qxe5 Nf6 11. Qxc7 Qxc7 12. Bxc7 O-O 13. O-O-O Re8 14. Bc4+ Kh8 15. Rhe1 b6 16. Nd5 Bb7 17. Rxe7 Rxe7 18. Nxe7 Bxg2 19. Bd5 Bxd5 20. Nxd5 Ng4 21. Bg3 Rf8 22. Nc3 Rf7 23. Re1 g6 24. Nb5 a6 25. Nd6 Rf8 26. Re7 Nf6 27. Be5 Kg8 28. Ne4 Nxe4 29. Rg7+ Kh8 30. Rxg6+ Nf6 31. Bxf6+ Rxf6 32. Rxf6 Kg8 33. Rxb6 h6 34. Rxa6 d6 35. Rxd6 Kf7 36. a4 h5 37. a5 h4 38. a6 h3 39. a7 Ke8 40. Rb6 Kd8 41. a8=Q+ Ke7 42. Qa7+ 1-0

[Event "Quebec-ch U10"]
[Site "Montreal CAN"]
[Date "2017.03.04"]
[Round "3"]
[White "Yan, Alex Jikai"]
[Black "Roy, Benjamin"]
[Result "1-0"]
[WhiteElo "1079"]
[BlackElo "1032"]
[WhiteFideId "-1"]
[WhiteFideId "-1"]
[PlyCount "51"]
[GameId "2160767908478272"]
[EventDate "2017.03.04"]
[EventType "swiss"]
[EventRounds "5"]
[EventCountry "CAN"]
[SourceTitle "EXT 2022"]
[Source "ChessBase"]
[SourceDate "2021.10.06"]
[SourceVersion "1"]
[SourceVersionDate "2021.10.06"]
[SourceQuality "1"]

1. d4 d5 2. c4 Nf6 3. Nc3 Bf5 4. Nf3 e6 5. c5 Nc6 6. Nh4 Be7 7. Nxf5 exf5 8. Bf4 O-O 9. e3 b6 10. Bb5 Na5 11. c6 a6 12. Bd3 Nxc6 13. Bxf5 Nd7 14. Nxd5 g6 15. Nxe7+ Qxe7 16. Bc2 Qb4+ 17. Qd2 Qxb2 18. O-O Nb4 19. Rfc1 Nxa2 20. Rcb1 Qc3 21. Qd1 Nb4 22. Be4 Rae8 23. Bf3 Nd3 24. Bh6 Nb2 25. Qe2 Nc4 26. Rc1 1-0

[Event "Quebec-ch U10"]
[Site "Montreal CAN"]
[Date "2017.03.05"]
[Round "4"]
[White "Jain, Ankita"]
[Black "Roy, Benjamin"]
[Result "0-1"]
[WhiteElo "1212"]
[BlackElo "1032"]
[WhiteFideId "-1"]
[WhiteFideId "-1"]
[PlyCount "78"]
[GameId "2160767908478275"]
[EventDate "2017.03.04"]
[EventType "swiss"]
[EventRounds "5"]
[EventCountry "CAN"]
[SourceTitle "EXT 2022"]
[Source "ChessBase"]
[SourceDate "2021.10.06"]
[SourceVersion "1"]
[SourceVersionDate "2021.10.06"]
[SourceQuality "1"]

1. e4 e5 2. Nf3 Nc6 3. Nc3 Nf6 4. d4 exd4 5. Nxd4 Nxd4 6. Qxd4 Qe7 7. Bg5 h6 8. Bxf6 Qxf6 9. Qxf6 gxf6 10. Nb5 Kd8 11. Bd3 a6 12. Nc3 Bc5 13. O-O d6 14. g3 Be6 15. a3 Rg8 16. Rad1 h5 17. h4 Rxg3+ 18. Kh1 Rh3+ 19. Kg1 Kd7 20. Rfe1 Rg8+ 21. Kf1 Rxh4 22. Ne2 Rh1+ 23. Ng1 Rgxg1+ 24. Ke2 Bg4+ 25. Kd2 Bxd1 26. Rxd1 Rxd1+ 27. Kc3 Rxd3+ 28. Kxd3 Rg1 29. Ke2 h4 30. b4 Bd4 31. c3 Bxc3 32. f4 h3 33. Kd3 Bb2 34. Kc2 Bxa3 35. Kb3 Rg3+ 36. Kc2 h2 37. Kd2 h1=Q 38. Ke2 Qh2+ 39. Ke1 Rg1# 0-1

[Event "Quebec-ch U10"]
[Site "Montreal CAN"]
[Date "2017.03.05"]
[Round "4"]
[White "Lim, Nicolas1"]
[Black "Lattore, Vincent"]
[Result "1-0"]
[WhiteElo "957"]
[BlackElo "1110"]
[WhiteFideId "-1"]
[WhiteFideId "-1"]
[PlyCount "143"]
[GameId "2160767908478276"]
[EventDate "2017.03.04"]
[EventType "swiss"]
[EventRounds "5"]
[EventCountry "CAN"]
[SourceTitle "EXT 2022"]
[Source "ChessBase"]
[SourceDate "2021.10.06"]
[SourceVersion "1"]
[SourceVersionDate "2021.10.06"]
[SourceQuality "1"]

1. Nf3 Nc6 2. d4 d5 3. c4 e6 4. Nc3 Nf6 5. Bg5 Be7 6. e3 O-O 7. Bd3 Nb4 8. Be2 Re8 9. a3 Nc6 10. b4 a6 11. O-O h6 12. Bh4 Ng4 13. Bxe7 Nxe7 14. Qa4 Bd7 15. Qb3 Nf6 16. c5 c6 17. Ne5 Rc8 18. Na4 Ne4 19. Nb6 Nd2 20. Qc2 Nxf1 21. Rxf1 Rc7 22. Nbxd7 Rxd7 23. Nxd7 Qxd7 24. h3 Nf5 25. a4 Ra8 26. Rb1 Rc8 27. b5 a5 28. bxc6 bxc6 29. Ba6 Ra8 30. Rb7 Qd8 31. Qd3 Rb8 32. Rxb8 Qxb8 33. Qc3 Qb4 34. Qxb4 axb4 35. Bd3 Ne7 36. a5 Nc8 37. a6 Na7 38. Kf1 Kf8 39. Ke2 Ke8 40. Kd2 Kd8 41. Kc2 Kc7 42. Kb3 f6 43. Kxb4 g5 44. Bg6 Kd7 45. Ka5 Kc7 46. Bf7 e5 47. dxe5 fxe5 48. Bg6 Nb5 49. Bd3 Na7 50. f3 h5 51. Bg6 h4 52. Be8 d4 53. exd4 exd4 54. Bg6 Nb5 55. Bd3 Na7 56. Kb4 Kd7 57. Kc4 Nb5 58. a7 Nxa7 59. Kxd4 Nc8 60. Ke5 Ne7 61. Kf6 Nd5+ 62. Kxg5 Ne3 63. Kxh4 Nxg2+ 64. Kg3 Ne3 65. f4 Ke6 66. Be4 Nd5 67. Kg4 Kf6 68. h4 Kg7 69. Kg5 Kf7 70. h5 Kg7 71. Bxd5 cxd5 72. c6 1-0

[Event "Quebec-ch U10"]
[Site "Montreal CAN"]
[Date "2017.03.05"]
[Round "4"]
[White "Omichi, Kevin"]
[Black "Navala, Anthony"]
[Result "1-0"]
[WhiteElo "1128"]
[BlackElo "1086"]
[WhiteFideId "-1"]
[WhiteFideId "-1"]
[PlyCount "89"]
[GameId "2160767908478279"]
[EventDate "2017.03.04"]
[EventType "swiss"]
[EventRounds "5"]
[EventCountry "CAN"]
[SourceTitle "EXT 2022"]
[Source "ChessBase"]
[SourceDate "2021.10.06"]
[SourceVersion "1"]
[SourceVersionDate "2021.10.06"]
[SourceQuality "1"]

1. e4 c5 2. Nf3 d6 3. d4 cxd4 4. Nxd4 Nf6 5. Nc3 g6 6. Bc4 Bg7 7. h3 O-O 8. O-O Nc6 9. Be3 Bd7 10. Bb3 Rc8 11. f4 Na5 12. Qf3 e6 13. Rad1 Bc6 14. Nxc6 bxc6 15. e5 Ne8 16. exd6 Nxb3 17. cxb3 Nf6 18. Bxa7 Nd5 19. Nxd5 cxd5 20. Bd4 Qxd6 21. Bxg7 Kxg7 22. Rc1 Qa6 23. a4 Rxc1 24. Rxc1 Rc8 25. Rxc8 Qxc8 26. Qc3+ Qxc3 27. bxc3 Kf8 28. a5 f5 29. a6 d4 30. cxd4 e5 31. dxe5 g5 32. a7 h5 33. a8=Q+ Ke7 34. fxg5 f4 35. b4 f3 36. gxf3 h4 37. b5 Ke6 38. b6 Kd7 39. b7 Ke7 40. b8=R Kf7 41. g6+ Ke6 42. f4 Ke7 43. Qa6 Kd7 44. Rb7+ Kc8 45. Qa8# 1-0

[Event "Quebec-ch U10"]
[Site "Montreal CAN"]
[Date "2017.03.05"]
[Round "4"]
[White "Zhang, Chu Hang"]
[Black "Tao, Neilson"]
[Result "1-0"]
[WhiteElo "1225"]
[BlackElo "1045"]
[WhiteFideId "-1"]
[WhiteFideId "-1"]
[PlyCount "51"]
[GameId "2160767908478281"]
[EventDate "2017.03.04"]
[EventType "swiss"]
[EventRounds "5"]
[EventCountry "CAN"]
[SourceTitle "EXT 2022"]
[Source "ChessBase"]
[SourceDate "2021.10.06"]
[SourceVersion "1"]
[SourceVersionDate "2021.10.06"]
[SourceQuality "1"]

1. e4 c5 2. Nf3 Nc6 3. d4 cxd4 4. Nxd4 e6 5. Nc3 Nf6 6. Nxc6 bxc6 7. Bd3 Bb4 8. O-O O-O 9. Bg5 d6 10. f4 e5 11. fxe5 dxe5 12. Bxf6 gxf6 13. Qh5 Qd4+ 14. Kh1 Bxc3 15. bxc3 Qxc3 16. Rab1 f5 17. Qg5+ Kh8 18. Qf6+ Kg8 19. exf5 Bxf5 20. Rxf5 Qd2 21. Rg5+ Qxg5 22. Qxg5+ Kh8 23. Qxe5+ Kg8 24. Qg5+ Kh8 25. Qh6 Kg8 26. Qxh7# 1-0

[Event "Quebec-ch U10"]
[Site "Montreal CAN"]
[Date "2017.03.05"]
[Round "4"]
[White "Zhong, Kevin"]
[Black "Guipi Bopala, Prince Eric jr"]
[Result "1-0"]
[WhiteElo "1894"]
[BlackElo "1819"]
[WhiteFideId "-1"]
[WhiteFideId "-1"]
[PlyCount "123"]
[GameId "2160767908478282"]
[EventDate "2017.03.04"]
[EventType "swiss"]
[EventRounds "5"]
[EventCountry "CAN"]
[SourceTitle "EXT 2022"]
[Source "ChessBase"]
[SourceDate "2021.10.06"]
[SourceVersion "1"]
[SourceVersionDate "2021.10.06"]
[SourceQuality "1"]

1. e4 e5 2. Nf3 Nc6 3. Bc4 Bc5 4. c3 Nf6 5. d3 d6 6. Bb3 O-O 7. O-O Ne7 8. d4 exd4 9. cxd4 Bb6 10. Nc3 Bg4 11. h3 Bxf3 12. gxf3 Ng6 13. f4 Re8 14. f5 Nf8 15. Qd3 h6 16. Kh2 Qe7 17. Rg1 Kh7 18. Qg3 g6 19. fxg6+ fxg6 20. Qf4 g5 21. Rxg5 hxg5 22. Qxg5 Ne6 23. Qh6+ Kg8 24. Be3 Ng4+ 25. hxg4 Qh7 26. Qxh7+ Kxh7 27. Nd5 Kg7 28. Nxb6 axb6 29. Kg3 c5 30. dxc5 bxc5 31. Rd1 Rad8 32. Bxe6 Rxe6 33. Bxc5 Rxe4 34. Bxd6 Kg8 35. Rd2 Re6 36. Bf4 Ra8 37. a3 Rae8 38. Bg5 b6 39. Rd8 Kf7 40. Rxe8 Rxe8 41. Be3 b5 42. Bd4 Kg6 43. f4 Re2 44. Kf3 Rd2 45. f5+ Kf7 46. Bc3 Rd1 47. g5 Rf1+ 48. Ke4 Rh1 49. g6+ Kg8 50. f6 Rf1 51. f7+ Rxf7 52. gxf7+ Kxf7 53. Kd5 Ke7 54. Kc5 Kd7 55. Kxb5 Kd6 56. a4 Kc7 57. a5 Kb7 58. a6+ Ka7 59. Bd4+ Kb8 60. Kc6 Ka8 61. b4 Kb8 62. b5 1-0

[Event "Quebec-ch U10"]
[Site "Montreal CAN"]
[Date "2017.03.05"]
[Round "5"]
[White "Bocan, Richard"]
[Black "Omichi, Kevin"]
[Result "1/2-1/2"]
[WhiteElo "1089"]
[BlackElo "1128"]
[WhiteFideId "-1"]
[WhiteFideId "-1"]
[PlyCount "43"]
[GameId "2160767908478283"]
[EventDate "2017.03.04"]
[EventType "swiss"]
[EventRounds "5"]
[EventCountry "CAN"]
[SourceTitle "EXT 2022"]
[Source "ChessBase"]
[SourceDate "2021.10.06"]
[SourceVersion "1"]
[SourceVersionDate "2021.10.06"]
[SourceQuality "1"]

1. d4 d5 2. c4 dxc4 3. Bf4 Nf6 4. e3 e6 5. Qa4+ Bd7 6. Qxc4 Nc6 7. a3 Bd6 8. Bxd6 cxd6 9. Nf3 d5 10. Qc2 Rc8 11. Qb3 Qb6 12. Qxb6 axb6 13. Nc3 Na7 14. Bd3 O-O 15. O-O Rfe8 16. Rfd1 h6 17. Ne5 Rf8 18. Nxd7 Nxd7 19. Rdc1 Nf6 20. Nb5 Rxc1+ 21. Rxc1 Nxb5 22. Bxb5 1/2-1/2

[Event "Quebec-ch U10"]
[Site "Montreal CAN"]
[Date "2017.03.05"]
[Round "5"]
[White "Chang, Alexander"]
[Black "Lim, Nicolas1"]
[Result "1/2-1/2"]
[WhiteElo "1629"]
[BlackElo "957"]
[WhiteFideId "-1"]
[WhiteFideId "-1"]
[PlyCount "76"]
[GameId "2160767908478285"]
[EventDate "2017.03.04"]
[EventType "swiss"]
[EventRounds "5"]
[EventCountry "CAN"]
[SourceTitle "EXT 2022"]
[Source "ChessBase"]
[SourceDate "2021.10.06"]
[SourceVersion "1"]
[SourceVersionDate "2021.10.06"]
[SourceQuality "1"]

1. d4 Nf6 2. c4 g6 3. Nf3 Bg7 4. Nc3 O-O 5. e4 d6 6. Be2 Nbd7 7. O-O c5 8. d5 Re8 9. Qc2 Ng4 10. Bf4 b6 11. h3 Nge5 12. Be3 Ba6 13. b3 Qc7 14. Nxe5 Nxe5 15. Rad1 Rac8 16. f4 Nd7 17. a4 e5 18. f5 Nf8 19. Bg4 Rcd8 20. Qd2 Nd7 21. Bh6 Nf6 22. Bxg7 Kxg7 23. Qg5 Nxg4 24. hxg4 f6 25. Qh4 g5 26. Qh1 Qf7 27. Rf3 Rh8 28. Rh3 Kf8 29. Rdd3 Ke7 30. Rh5 Rdg8 31. Rdh3 Rg7 32. Ne2 Bc8 33. Ng3 Kd7 34. Rh6 Qe7 35. Kf2 Rf7 36. Qa1 Kd8 37. Ne2 a5 38. Qh1 Bd7 1/2-1/2

[Event "Quebec-ch U10"]
[Site "Montreal CAN"]
[Date "2017.03.05"]
[Round "5"]
[White "Navala, Anthony"]
[Black "Tao, Neilson"]
[Result "1-0"]
[WhiteElo "1086"]
[BlackElo "1045"]
[WhiteFideId "-1"]
[WhiteFideId "-1"]
[PlyCount "144"]
[GameId "2160767908478287"]
[EventDate "2017.03.04"]
[EventType "swiss"]
[EventRounds "5"]
[EventCountry "CAN"]
[SourceTitle "EXT 2022"]
[Source "ChessBase"]
[SourceDate "2021.10.06"]
[SourceVersion "1"]
[SourceVersionDate "2021.10.06"]
[SourceQuality "1"]

1. d4 d5 2. e3 Nf6 3. Bd3 Nc6 4. c3 g6 5. f4 Bg7 6. Nf3 O-O 7. O-O Bg4 8. Nbd2 Ne4 9. Nxe4 dxe4 10. Bxe4 f5 11. Bd3 Kh8 12. h3 Bh5 13. Be2 e6 14. Ng5 Bxe2 15. Qxe2 Qe7 16. h4 h6 17. Nh3 Qxh4 18. Rf3 Qe7 19. Bd2 Qd7 20. g3 a6 21. Raf1 b5 22. R1f2 Qd5 23. b3 Qe4 24. Be1 Rab8 25. Rh2 Bf6 26. Nf2 Qd5 27. g4 fxg4 28. Nxg4 h5 29. e4 Qd8 30. Rfh3 Bg7 31. Qg2 Rxf4 32. Bh4 Rxg4 33. Bxd8 Rxg2+ 34. Rxg2 Rxd8 35. Rxg6 Kh7 36. Rxe6 Nb8 37. Rxh5+ Kg8 38. Rg5 Kf7 39. Rgg6 Rg8 40. Kf1 Nd7 41. Rxa6 Nf6 42. Rg5 Nxe4 43. Rxb5 Nxc3 44. Rc5 Rc8 45. Rxc3 Bxd4 46. Rcc6 Ke7 47. Ke2 Kd7 48. Rc1 Re8+ 49. Kd3 Bb6 50. Rd1 Kc6 51. Kc4 Re4+ 52. Kc3 Kb5 53. Ra8 Re3+ 54. Rd3 Re5 55. a4+ Kc6 56. b4 Re1 57. a5 Bf2 58. Kc4 Rc1+ 59. Rc3 Rxc3+ 60. Kxc3 Be1+ 61. Kc4 Kb7 62. Re8 Bh4 63. b5 Bf2 64. a6+ Ka7 65. Re7 Bb6 66. Kd5 Kb8 67. Kc6 Ba5 68. Re8+ Ka7 69. Rc8 Bb6 70. Rxc7+ Ka8 71. Kxb6 Kb8 72. a7+ Ka8 1-0

[Event "Quebec-ch U10"]
[Site "Montreal CAN"]
[Date "2017.03.05"]
[Round "5"]
[White "Roy, Benjamin"]
[Black "Lattore, Vincent"]
[Result "1-0"]
[WhiteElo "1032"]
[BlackElo "1110"]
[WhiteFideId "-1"]
[WhiteFideId "-1"]
[PlyCount "47"]
[GameId "2160767908478289"]
[EventDate "2017.03.04"]
[EventType "swiss"]
[EventRounds "5"]
[EventCountry "CAN"]
[SourceTitle "EXT 2022"]
[Source "ChessBase"]
[SourceDate "2021.10.06"]
[SourceVersion "1"]
[SourceVersionDate "2021.10.06"]
[SourceQuality "1"]

1. d4 d5 2. c4 e6 3. Nc3 Nf6 4. Nf3 Bb4 5. a3 Ba5 6. b4 O-O 7. bxa5 Nc6 8. Bg5 Re8 9. Bxf6 gxf6 10. e3 e5 11. cxd5 exd4 12. Nxd4 Nxa5 13. Be2 Kh8 14. O-O Rg8 15. g3 Bh3 16. Re1 c5 17. dxc6 Nxc6 18. Nxc6 Qxd1 19. Rexd1 bxc6 20. Rd6 c5 21. Rxf6 Rgf8 22. Bd3 Rad8 23. Bc2 Rd2 24. Be4 1-0

[Event "Quebec-ch U10"]
[Site "Montreal CAN"]
[Date "2017.03.05"]
[Round "5"]
[White "Yan, Alex Jikai"]
[Black "Liu, Kevin1"]
[Result "0-1"]
[WhiteElo "1079"]
[BlackElo "1397"]
[WhiteFideId "-1"]
[WhiteFideId "-1"]
[PlyCount "80"]
[GameId "2160767908478290"]
[EventDate "2017.03.04"]
[EventType "swiss"]
[EventRounds "5"]
[EventCountry "CAN"]
[SourceTitle "EXT 2022"]
[Source "ChessBase"]
[SourceDate "2021.10.06"]
[SourceVersion "1"]
[SourceVersionDate "2021.10.06"]
[SourceQuality "1"]

1. d4 d5 2. c4 dxc4 3. e4 e5 4. d5 c6 5. Bxc4 Nf6 6. Nc3 Bb4 7. Bg5 O-O 8. h3 h6 9. Bxf6 Qxf6 10. Qf3 Qg5 11. a3 Ba5 12. Qd3 Kh8 13. g3 f5 14. Nf3 Qf6 15. Nd2 Bb6 16. Rf1 Nd7 17. exf5 Nc5 18. Qe2 Bxf5 19. g4 Bg6 20. b4 Nd7 21. Nde4 Qh4 22. Qd3 Bd4 23. Rc1 Nb6 24. dxc6 bxc6 25. Ba6 Rad8 26. Qg3 Qe7 27. Be2 Nd5 28. Nxd5 cxd5 29. Nc5 Bb2 30. Rd1 d4 31. Na4 e4 32. Nxb2 d3 33. Bxd3 exd3+ 34. Qe3 Qc7 35. Qc5 Rfe8+ 36. Kd2 Qf4+ 37. Qe3 Rxe3 38. fxe3 Qh2+ 39. Rf2 Qxf2+ 40. Kc3 Qc2# 0-1

[Event "Quebec-ch U10"]
[Site "Montreal CAN"]
[Date "2017.03.05"]
[Round "5"]
[White "Zhang, Chu Hang"]
[Black "Zhong, Kevin"]
[Result "0-1"]
[WhiteElo "1225"]
[BlackElo "1894"]
[WhiteFideId "-1"]
[WhiteFideId "-1"]
[PlyCount "90"]
[GameId "2160767908478291"]
[EventDate "2017.03.04"]
[EventType "swiss"]
[EventRounds "5"]
[EventCountry "CAN"]
[SourceTitle "EXT 2022"]
[Source "ChessBase"]
[SourceDate "2021.10.06"]
[SourceVersion "1"]
[SourceVersionDate "2021.10.06"]
[SourceQuality "1"]

1. e4 c5 2. Nf3 Nc6 3. Bb5 e6 4. d4 cxd4 5. Nxd4 Bc5 6. Be3 Qb6 7. Bxc6 bxc6 8. b3 Nf6 9. e5 Nd5 10. O-O Nxe3 11. fxe3 O-O 12. Re1 Qc7 13. Nf3 d6 14. exd6 Bxd6 15. c3 Ba6 16. Nbd2 Rad8 17. Qc1 Bc5 18. Kh1 Rd3 19. Ne4 Qb6 20. Ne5 Bxe3 21. Rxe3 Qxe3 22. Nxd3 Qxd3 23. Nc5 Qe2 24. Qe1 Rd8 25. Nxa6 Qxa6 26. Rd1 Qc8 27. h3 h6 28. Rxd8+ Qxd8 29. Qe3 Qa5 30. Qd2 Qd5 31. Qe3 c5 32. c4 Qd4 33. Qxd4 cxd4 34. Kg1 Kf8 35. a4 Ke7 36. c5 Kd7 37. Kf2 Kc6 38. b4 e5 39. g4 e4 40. Kg3 d3 41. Kf2 d2 42. Ke2 e3 43. Kd1 g6 44. Ke2 f5 45. gxf5 gxf5 0-1

[Event "Quebec-ch U12"]
[Site "Montreal CAN"]
[Date "2017.03.04"]
[Round "1"]
[White "Blanco, Rafael"]
[Black "Tsukerman, Julia"]
[Result "0-1"]
[WhiteElo "1008"]
[BlackElo "1534"]
[WhiteFideId "-1"]
[WhiteFideId "-1"]
[PlyCount "108"]
[GameId "2160767908478292"]
[EventDate "2017.03.04"]
[EventType "swiss"]
[EventRounds "5"]
[EventCountry "CAN"]
[SourceTitle "EXT 2022"]
[Source "ChessBase"]
[SourceDate "2021.10.06"]
[SourceVersion "1"]
[SourceVersionDate "2021.10.06"]
[SourceQuality "1"]

1. d4 Nf6 2. c4 g6 3. Nc3 Bg7 4. e4 d6 5. Bg5 O-O 6. Nf3 h6 7. Bh4 Na6 8. Be2 c5 9. e5 dxe5 10. dxe5 Nd7 11. Bg3 Nb4 12. O-O Nc6 13. Qc1 Kh7 14. Rd1 a6 15. Qe3 e6 16. Bh4 Qc7 17. Bg5 hxg5 18. Nxg5+ Kg8 19. Qh3 Re8 20. Qf3 Ncxe5 21. Qf4 Nf6 22. Bd3 Nh7 23. Nxh7 Kxh7 24. Ne4 Qe7 25. Be2 f5 26. Ng3 Bd7 27. Rd2 g5 28. Qe3 Rad8 29. Bh5 Ng6 30. Qf3 Bc6 31. Bxg6+ Kxg6 32. Qh5+ Kf6 33. Re2 Rh8 34. Rae1 Rxh5 35. Nxh5+ Kf7 36. h3 Rd6 37. Ng3 Kg6 38. Kh2 f4 39. Ne4 Bxe4 40. Rxe4 Bxb2 41. g3 fxg3+ 42. fxg3 Rd2+ 43. R4e2 Rxe2+ 44. Rxe2 Bd4 45. Rd2 e5 46. Kg2 e4 47. Re2 e3 48. Kg1 Qe4 49. Kh2 Qf3 50. Re1 Qf2+ 51. Kh1 Qxe1+ 52. Kg2 Qf2+ 53. Kh1 e2 54. h4 Qg1# 0-1

[Event "Quebec-ch U12"]
[Site "Montreal CAN"]
[Date "2017.03.04"]
[Round "1"]
[White "Cracuin, David"]
[Black "Hall, Arturo"]
[Result "1-0"]
[WhiteElo "1566"]
[BlackElo "1136"]
[WhiteFideId "-1"]
[WhiteFideId "-1"]
[PlyCount "143"]
[GameId "2160767908478293"]
[EventDate "2017.03.04"]
[EventType "swiss"]
[EventRounds "5"]
[EventCountry "CAN"]
[SourceTitle "EXT 2022"]
[Source "ChessBase"]
[SourceDate "2021.10.06"]
[SourceVersion "1"]
[SourceVersionDate "2021.10.06"]
[SourceQuality "1"]

1. d4 d5 2. Bf4 Nf6 3. e3 Nc6 4. c3 Bf5 5. Qb3 Rb8 6. Nf3 e6 7. Ne5 Bd6 8. Bb5 Bxe5 9. dxe5 Ne4 10. h3 O-O 11. O-O Qe7 12. Rd1 Rfd8 13. Nd2 Nc5 14. Qa3 Nd3 15. Qxe7 Nxe7 16. Bg5 Kf8 17. Bxd3 Bxd3 18. Nb3 Bc2 19. Rd2 Bxb3 20. axb3 a6 21. f3 Re8 22. c4 dxc4 23. bxc4 Nc6 24. f4 h6 25. Bh4 Kg8 26. Rd7 Rbc8 27. Rb1 a5 28. g4 Rf8 29. Rbd1 Kh7 30. g5 h5 31. Kf2 Kg6 32. Ke2 Kh7 33. e4 Kh8 34. Ke3 Kh7 35. Be1 Kg6 36. Bc3 Nb8 37. R7d2 Nc6 38. h4 Rfe8 39. b3 Rf8 40. Rf1 Kh7 41. f5 exf5 42. exf5 Rcd8 43. Kf4 Nxe5 44. Bxe5 c6 45. Ra1 Ra8 46. Rda2 f6 47. g6+ Kh8 48. Bc3 b6 49. b4 a4 50. Rxa4 Rxa4 51. Rxa4 Rc8 52. Ra7 Kg8 53. Rb7 b5 54. Ke4 Kf8 55. Bd4 bxc4 56. Bc5+ Kg8 57. Kd4 c3 58. Kxc3 Kh8 59. Kc4 Kg8 60. Bd6 Rd8 61. Kc5 Rc8 62. Rb8 Rxb8 63. Bxb8 Kf8 64. Kxc6 Ke8 65. Bd6 Kd8 66. Bf8 Ke8 67. Bxg7 Ke7 68. b5 Ke8 69. b6 Kd8 70. Bxf6+ Ke8 71. b7 Kf8 72. b8=R# 1-0

[Event "Quebec-ch U12"]
[Site "Montreal CAN"]
[Date "2017.03.04"]
[Round "1"]
[White "Gonzalez, Tristan"]
[Black "Richard, Leo"]
[Result "1-0"]
[WhiteElo "1225"]
[BlackElo "1621"]
[WhiteFideId "-1"]
[WhiteFideId "-1"]
[PlyCount "89"]
[GameId "2160767908478294"]
[EventDate "2017.03.04"]
[EventType "swiss"]
[EventRounds "5"]
[EventCountry "CAN"]
[SourceTitle "EXT 2022"]
[Source "ChessBase"]
[SourceDate "2021.10.06"]
[SourceVersion "1"]
[SourceVersionDate "2021.10.06"]
[SourceQuality "1"]

1. d4 Nf6 2. e3 d6 3. Bd3 e5 4. c3 c6 5. Nd2 Nbd7 6. Ne2 d5 7. e4 exd4 8. Nxd4 Nc5 9. Qe2 Nxd3+ 10. Qxd3 c5 11. e5 Ng4 12. N4f3 Be6 13. h3 Nh6 14. Qb5+ Qd7 15. Qxd7+ Kxd7 16. O-O Be7 17. Nb3 Rhg8 18. Rd1 b6 19. Ng5 Bxg5 20. Bxg5 Nf5 21. Rf1 d4 22. cxd4 Bxb3 23. axb3 Nxd4 24. Rfd1 Ke6 25. f4 h6 26. Bh4 g5 27. Bf2 Ne2+ 28. Kh1 Nxf4 29. Re1 Rad8 30. Bg3 Nd3 31. Rf1 Nxb2 32. Rf6+ Ke7 33. Raf1 Rg7 34. Rxh6 Rd3 35. Bh2 Rxb3 36. Rff6 c4 37. e6 c3 38. exf7 Rxf7 39. Re6+ Kf8 40. Rh8+ Kg7 41. Be5+ Rf6 42. Bxf6+ Kf7 43. Rhe8 c2 44. R8e7+ Kf8 45. Rc6 1-0

[Event "Quebec-ch U12"]
[Site "Montreal CAN"]
[Date "2017.03.04"]
[Round "1"]
[White "Omichi, Haruaki"]
[Black "Zhong, Ziyi"]
[Result "1-0"]
[WhiteElo "1624"]
[BlackElo "1253"]
[WhiteFideId "-1"]
[WhiteFideId "-1"]
[PlyCount "107"]
[GameId "2160767908478295"]
[EventDate "2017.03.04"]
[EventType "swiss"]
[EventRounds "5"]
[EventCountry "CAN"]
[SourceTitle "EXT 2022"]
[Source "ChessBase"]
[SourceDate "2021.10.06"]
[SourceVersion "1"]
[SourceVersionDate "2021.10.06"]
[SourceQuality "1"]

1. e4 e5 2. Nf3 Nc6 3. Nc3 Nf6 4. d4 exd4 5. Nxd4 Bb4 6. Nxc6 bxc6 7. Bd3 O-O 8. O-O Re8 9. Re1 c5 10. a3 Ba5 11. Bg5 Bxc3 12. bxc3 d6 13. Bb5 Re6 14. e5 Bb7 15. exf6 Rxe1+ 16. Qxe1 gxf6 17. Bh6 f5 18. f3 Qf6 19. Qg3+ Kh8 20. Bd2 Rg8 21. Qf2 a6 22. Ba4 f4 23. Rb1 Bd5 24. Re1 Be6 25. Re4 Qg6 26. Bxf4 d5 27. Re2 c4 28. Be5+ f6 29. Bg3 Bf5 30. Bc6 Rd8 31. Qd4 Kg8 32. Bxc7 Rc8 33. Bxd5+ Kh8 34. Bg3 Rd8 35. Qxc4 Bxc2 36. Be4 Bxe4 37. Qxe4 Qf7 38. Qe7 Qd5 39. Qxf6+ Kg8 40. Qe6+ Qxe6 41. Rxe6 Rd1+ 42. Re1 Rd3 43. Rc1 Kf7 44. Be5 Rd5 45. Bd4 Ra5 46. Ra1 h5 47. Kf2 Ke6 48. Ke3 Kf5 49. g3 Ra4 50. h3 Ra5 51. g4+ hxg4 52. hxg4+ Kg5 53. Ke4 Rb5 54. Rh1 1-0

[Event "Quebec-ch U12"]
[Site "Montreal CAN"]
[Date "2017.03.04"]
[Round "1"]
[White "Sui, Yu Shun"]
[Black "Yu, Daniel-Tianqi"]
[Result "0-1"]
[WhiteElo "1322"]
[BlackElo "1632"]
[WhiteFideId "-1"]
[WhiteFideId "-1"]
[PlyCount "52"]
[GameId "2160767908478296"]
[EventDate "2017.03.04"]
[EventType "swiss"]
[EventRounds "5"]
[EventCountry "CAN"]
[SourceTitle "EXT 2022"]
[Source "ChessBase"]
[SourceDate "2021.10.06"]
[SourceVersion "1"]
[SourceVersionDate "2021.10.06"]
[SourceQuality "1"]

1. e4 Nc6 2. d4 d5 3. Nc3 dxe4 4. Bb5 a6 5. Bxc6+ bxc6 6. Nxe4 Qd5 7. f3 e5 8. Ne2 Bf5 9. Qd3 Bg6 10. f4 Bxe4 11. c4 Bb4+ 12. Nc3 Qxd4 13. Qxd4 exd4 14. Bd2 dxc3 15. bxc3 Bc5 16. Ke2 O-O-O 17. Rhd1 Bd3+ 18. Kf3 Nf6 19. Re1 Be4+ 20. Rxe4 Nxe4 21. Kxe4 Rxd2 22. Kf3 Rf2+ 23. Kg3 Re8 24. h4 Re6 25. Kh2 Rg6 26. Rg1 Rxf4 0-1